Literal Monster -NPMD- STARKIDS - Statistics

General Stats
  • This quiz has been taken 25 times
  • The average score is 383 of 415
Answer Stats
Answer % Correct
a
100%
A
100%
and
100%
And
100%
(and
100%
are
100%
be
100%
hallway
100%
he
100%
He
100%
He's
100%
he's
100%
(he's
100%
His
100%
his
100%
I
100%
i
100%
if
100%
is
100%
It's
100%
its
100%
literal
100%
monster
100%
monster!
100%
monster!)
100%
no
100%
No
100%
(no
100%
not
100%
on
100%
the
100%
The
100%
all
94%
always
94%
behind
94%
behind)
94%
better
94%
better!
94%
better!)
94%
cry
94%
cry)
94%
cry!
94%
do
94%
doomed
94%
every
94%
eye
94%
future!
94%
girl
94%
girl,
94%
gonna
94%
got
94%
her!
94%
her
94%
hide!
94%
highschool
94%
him
94%
hope
94%
hopes
94%
I'm
94%
i'm
94%
in
94%
knocked
94%
leave
94%
lock
94%
look
94%
loser
94%
me
94%
me!)
94%
my
94%
(my
94%
need
94%
Never
94%
never
94%
of
94%
once
94%
one
94%
one's
94%
or
94%
(or
94%
out
94%
(out
94%
pray
94%
pray!
94%
reach
94%
regarded
94%
sight
94%
sight!)
94%
So
94%
stop
94%
tell
94%
there's
94%
There's
94%
to
94%
tutor
94%
victim
94%
victim)
94%
was
94%
will
94%
won't
94%
Yeah,
94%
You
94%
you
94%
(You
94%
(you
94%
your
94%
you're
94%
advantage
89%
as
89%
attack
89%
can
89%
couldn't
89%
dead
89%
defeat
89%
face
89%
fists
89%
have
89%
hiding
89%
hottest
89%
jacked
89%
kind
89%
kind)
89%
Like
89%
locker
89%
mine
89%
name
89%
nighthawk
89%
only
89%
peak
89%
play
89%
preys
89%
reason
89%
reason)
89%
roar!
89%
run
89%
saint
89%
size
89%
size)
89%
take
89%
that
89%
That
89%
wanted!
89%
we
89%
what
89%
why
89%
ahead
83%
bangs
83%
best
83%
call
83%
cliches
83%
damn
83%
Don't
83%
everyone
83%
feds
83%
half-cocked
83%
hands
83%
he'll
83%
horror
83%
knows
83%
predator
83%
rise!
83%
roars
83%
roars)
83%
rumor
83%
seduce
83%
straight
83%
watch
83%
with
83%
accuser
78%
bandage
78%
but
78%
claim
78%
help
78%
how
78%
jock
78%
juiced,
78%
neck
78%
place
78%
postpubescent
78%
seat
78%
Stay
78%
strength
78%
willing
78%
wound
78%
drop
72%
fangs
72%
hormones
72%
judging
72%
keep
72%
thread
72%
blame
67%
Chasity
67%
god
67%
has
67%
infamy
67%
inthe
67%
swear
67%
comes
61%
cross
61%
die
61%
heart,
61%
He'sgot
61%
disapointed
44%
br
11%
No matching quizzes found
Score Distribution
Percent of People with Each Score
Percentile by Number Answered
Your Score History
You have not taken this quiz